| 000 | 00979nam a22003017a 4500 | ||
|---|---|---|---|
| 001 | 200461062 | ||
| 003 | TR-AnTOB | ||
| 005 | 20240613094823.0 | ||
| 008 | 240613b tu ||||| |||| 00| 0 tur d | ||
| 020 | _a9786257360807 | ||
| 040 |
_aTR-AnTOB _beng _erda _cTR-AnTOB |
||
| 041 |
_atur _beng |
||
| 092 |
_a863.64 _bISE 2022 |
||
| 100 |
_qIsern, Susanna, _eauthor. |
||
| 245 |
_aBen artık büyüdüm / _cyazan: Susanna Isern ; illüstrasyonlar: Marta Cabrol ; İspanyolca aslından çeviren: Emrah İmre ; editör: Ebru Koç Bal |
||
| 250 | _a1. bs | ||
| 260 |
_aİstanbul : _bİthaki Çocuk ; _c2022. |
||
| 300 |
_a28 Pages. : _bill. ; _c28 cm. |
||
| 336 |
_atext _btxt _2rdacontent |
||
| 337 |
_aunmediated _bn _2rdamedia |
||
| 338 |
_avolume _bnc _2rdacarrier |
||
| 490 |
_aİthaki Çocuk ; _v150. |
||
| 500 | _aÖzgün eseradı: Ya soy mayor | ||
| 700 |
_qCabrol, Marta, _eillustrator. |
||
| 942 |
_2ddc _cBK |
||
| 999 |
_c200461062 _d79274 |
||